000 00441nam a2200157Ia 4500
008 090124s9999 xx 000 0 und d
082 _b26650
_a6890
100 _aअत्रे वसंत
245 _a शरद् वसंत
250 _a0
600 _aअत्रे वसंत
630 _a शरद् वसंत
700 _aअत्रे वसंत
730 _a शरद् वसंत
942 _cBOOK
999 _c140122
_d140122